English FA Cup Trivia - Statistics

General Stats
  • This quiz has been taken 19 times
  • The average score is 2 of 8
Answer Stats
Question # Question Answer % Correct
2 Which team has lost the most times in the FA Cup final? (9) Manchester United
93%
5 Who became the youngest FA Cup final goalscorer with a goal for Manchester United in 1983? Norman Whiteside
60%
8 Which team has conceded the most FA Cup goals? (541) Aston Villa
33%
1 Which currently existing club has the most consecutive FA Cup wins? (3) Blackburn
27%
6 Which team lost 26-0, in the biggest FA Cup defeat ever? Hyde
13%
7 Which player is the FA Cup all-time top goalscorer? (49) Harry Cursham
7%
3 Which team has scored the most goals in FA Cup history? (920) Kettering
7%
4 Which team has lost the most matches in FA Cup history? (133) Notts County
7%
No matching quizzes found
Score Distribution
Percent of People with Each Score
Percentile by Number Answered
Your Score History
You have not taken this quiz